01383nam a2200337 a 4500001001200000003000800012006001900020007001500039008004100054010001700095020002800112020003500140040002100175035002000196050002400216082001700240100002100257245014700278260007000425300002200495504006400517533015200581650004400733650002300777650003300800650001900833655002900852700002100881710001700902856012600919ebr10022472CaPaEBRm u cr cn|||||||||010516s2002 enka sb 001 0 eng  z 2001026622 z1853594687 (alk. paper) z1853594679 (pbk. : alk. paper) aCaPaEBRcCaPaEBR a(OCoLC)7075619614aP115.4b.H47 2002eb04a306.44/62211 aHerdina, Philip.12aA dynamic model of multilingualismh[electronic resource] :bperspectives of change in psycholinguistics /cPhilip Herdina and Ulrike Jessner. aClevedon, EnglandaBuffalo, N.Y. :bMultilingual Matters,cc2002. ax, 182 p. :bill. aIncludes bibliographical references (p. 162-179) and index. aElectronic reproduction.bPalo Alto, Calif. :cebrary,d2013.nAvailable via World Wide Web.nAccess may be limited to ebrary affiliated libraries. 0aMultilingualismxPsychological aspects. 0aPsycholinguistics. 0aSecond language acquisition. 0aSystem theory. 7aElectronic books.2local1 aJessner, Ulrike.2 aebrary, Inc.40uhttp://site.ebrary.com/lib/rucke/Doc?id=10022472zAn electronic book accessible through the World Wide Web; click to view